Technologie dopravy 2 Doprava letecká a vodní

Salvato in:
Dettagli Bibliografici
Autore principale: Veselý, Jaroslav
Natura: Libro
Lingua:ceco
Pubblicazione: Praha VŠE 1987
Edizione:2. dotisk.
Tags: Aggiungi Tag
Nessun Tag, puoi essere il primo ad aggiungerne!!

MARC

LEADER 00000nam a2200000 4500
001 c040334
005 20221219103519.3
041 0 |a cze 
044 |a CZ 
245 1 0 |a Technologie dopravy 2  |b Doprava letecká a vodní  |c Jaroslav Veselý 
250 |a 2. dotisk. 
264 1 |a Praha  |b VŠE  |c 1987 
300 |a 317 s. 
100 1 |a Veselý, Jaroslav